000 03610 a2200469 4500
001 23976530
003 00000
005 20251011171601.0
006 m |o d |
007 cr |||||||||||
008 240826s2023 enk ob 001 0 eng
010 _a 2024725270
020 _a9781032137711
020 _a9781032137711
035 _a23976530
040 _aDLC
_beng
_erda
_epn
_cDLC
043 _ae------
_afw-----
050 0 0 _aJZ 6368 .R54
082 0 0 _a341.4/8
_223/eng/20230105
100 1 _aRietveld, Jochem,
245 1 0 _aRegional approaches to the responsibility to protect :
_blessons from Europe and West Africa /
_cJochem Rietveld.
264 1 _aAbingdon, Oxon [UK] ;
_aNew York, NY :
_bRoutledge,
_c2023.
300 _a1 online resource (x, 176 pages)
336 _atext
_btxt
_2rdacontent
337 _acomputer
_bc
_2rdamedia
338 _aonline resource
_bcr
_2rdacarrier
490 0 _aGlobal politics and the responsibility to protect
504 _aIncludes bibliographical references and index.
505 0 _aAn analytical framework for assessing norms, regional organisations, and the responsibility to protect -- Contextual analysis : regional approaches to security, sovereignty, and human rights -- The EU and R2P : from public endorsements to implementation? -- ECOWAS and R2P : West African inspirations of a global norm.
520 _a"This book studies regional approaches to the Responsibility to Protect (R2P) in Europe and West Africa. The work assesses how and to what extent the European Union (EU) and the Economic Community of West African States (ECOWAS) have internalised the norm, both generally, in institutions, policies, and programs and specifically, in crisis situations of R2P-concern, such as the 2011 Libyan crisis and 2012 Malian crisis. It provides a historical analysis of how the two regional organisations have dealt with questions of sovereignty, security, and human rights since their founding, as well as an analysis of some of the European and West African roots of the R2P norm. This reflects the notion that global norms are often informed by local and regional practices and that this needs to be recognised in order to fully understand regional responses to alleged global norms. The book uses process tracing to trace the regional internalisation of R2P and has benefited from qualitative research interviews with EU- and ECOWAS-stakeholders. One of the key findings is that ECOWAS and West Africa have delivered a key contribution to the norm construction of R2P, a finding insufficiently recognised in the current literature. This book will be of much interest to students of the Responsibility to Protect, EU human rights and foreign policy, African politics, security studies and International Relations in general"--
_cProvided by publisher.
588 _aDescription based on print version record; resource not viewed.
600 _2
_aHumanitarian intervention
610 1 0 _aEconomic Community of West African States.
650 0 _aResponsibility to protect (International law)
_zEuropean Union countries.
650 0 _aResponsibility to protect (International law)
_zAfrica, West.
650 0 _aHuman rights
_zEuropean Union countries.
650 0 _aHuman rights
_zAfrica, West.
776 0 8 _iPrint Version:
_tRegional approaches to the responsibility to protect
_dAbingdon, Oxon [UK] ; New York, NY : Routledge, 2023.
_z9781032137636
_w(DLC) 2022043922
906 _a0
_bcbc
_corigcop
_d1
_eecip
_f20
_gy-gencatlg
942 _2lcc
_cBK
999 _c43712
_d43712